000 01219nam a22003497a 4500
003 CHAP
005 20220329135050.0
008 971013s1976 r 00010 d
010 _a30373
011 _a31345
035 _a35457
040 _cCHAP
090 _aTesis
100 0 0 _aManjarrez Morales, Pedro.
_970488
245 _aControl químico de la sarna de los cítricos Elsinoe fawcetti Bit. & Jenk, en Toronja cv. redblush en Veracruz
260 _aChapingo, Méx. :
_bEl autor,
_c1976
300 _a79 h.
_b; gráfs
502 _aTesis (Ing. Agr. Esp. en Parasitología Agrícola) -- ENA. Departamento de Parasitología Agrícola
590 _aALEPH
_b10
_c20130110
_lUCH01
_h1252
590 _aBATCH-UPD
_b10
_c20130110
_lUCH01
_h2134
590 _aBATCH-UPD
_b10
_c20130410
_lUCH01
_h1443
590 _aBATCH-UPD
_b10
_c20130914
_lUCH01
_h1554
590 _aCONVERSION
_b10
_c20130109
_lUCH01
_h1317
650 1 4 _aElsinoe fawcetti.
_936444
650 1 4 _aSarna de los cítricos.
_9102656
650 1 4 _aToronja
_xEnfermedades.
_9113977
650 1 4 _aToronja
_xVeracruz.
_9113986
901 _aBK
942 _cFOLL
949 _bBC
_cTES
_d-81957
_eTS1
_i35457
_si
949 _bBC
_cTES
_d-81959
_eTS2
_fc.2
_i35457
_si
999 _c30373
_d30373